| 000 | 01047nac a22003131u 4500 | ||
|---|---|---|---|
| 003 | EG-ScBUE | ||
| 005 | 20220626093700.0 | ||
| 008 | 200219r19971996enka f 000 0 eng d | ||
| 020 | _a052145980X (v. 1) | ||
| 020 | _a9780521459808 | ||
| 040 |
_aEG-ScBUE _beng _erda _cEG-ScBUE _dEG-ScBUE |
||
| 082 | 0 | 4 |
_a428.240240904 _bREM _222 |
| 100 | 1 |
_aRemacha Esteras, Santiago, _eauthor. |
|
| 245 | 1 | 0 |
_aInfotech : _bEnglish for computer users, _pStudent's book / _cSantiago Remacha Esteras. |
| 246 | 3 | 0 | _aStudent's book |
| 250 | _aThird printing. | ||
| 264 | 1 |
_aCambridge, United Kingdom : _bCambridge University Press, _c1997. |
|
| 300 |
_a152 pages : _billustrations ; _c25 cm |
||
| 336 |
_2rdacontent _atext _btxt |
||
| 337 |
_2rdamedia _aunmediated _bn |
||
| 338 |
_2rdacarrier _avolume _bnc |
||
| 500 | _adistributer: Al-Ahram | ||
| 650 | 7 |
_aMicrocomputers _xStudy and teaching. _2BUEsh |
|
| 650 | 7 |
_aEnglish language _xTechnical English _2BUEsh |
|
| 651 | _2BUEsh | ||
| 653 | _bHHUUEENN | ||
| 655 |
_vReading book _934232 |
||
| 942 |
_cBB _2ddc |
||
| 999 |
_c5411 _d5411 |
||